| 000 | 01211nam a2200337 a 4500 | ||
|---|---|---|---|
| 001 | 000108846 | ||
| 003 | CHAP | ||
| 005 | 20220329144026.0 | ||
| 008 | 140314s2013 mx sm |||||||spa d | ||
| 010 | _a105308 | ||
| 011 | _a106280 | ||
| 040 | _cCHAP | ||
| 090 | _aTesis | ||
| 100 | 1 |
_aArzate Ramírez, Marco Antonio _9125896 |
|
| 245 | 1 | 0 |
_aPrueba de un dilutor para semen de conejo que contiene GnRh en el comportamiento reproductivo de la hembra _h[En línea] _cpor Marco Antonio Arzate Ramírez. |
| 260 |
_aChapingo, Méx. : _bEl autor, _c2013. |
||
| 500 | _aPara ver el contenido del material haga clic en la liga | ||
| 502 | _aTesis (Ing. Agr. Esp. en Zootecnia) -- UACH. Zootecnia | ||
| 590 |
_aBATCH-UPD _b05 _c20140324 _lUCH01 _h1536 |
||
| 590 |
_aBATCH-UPD _b05 _c20141002 _lUCH01 _h0858 |
||
| 590 |
_aBATCH _b00 _c20181121 _lUCH01 _h0758 |
||
| 590 |
_aE5765TAJ _b05 _c20140314 _lUCH01 _h1321 |
||
| 590 |
_aE5765TAJ _b05 _c20140314 _lUCH01 _h1322 |
||
| 650 | 1 | 4 |
_aConejos _xInseminación. _9125898 |
| 650 | 1 | 4 |
_aConejos _xReproducción. _926378 |
| 856 |
_a1 _n0000590 |
||
| 856 |
_aFinding aid _uhttp://10.13.5.2/tesis/sist108846.pdf _zTeclea aquí |
||
| 901 | _aBK | ||
| 942 | _cTESIS | ||
| 942 | _n0 | ||
| 999 |
_c105308 _d105308 |
||